Odd Squad - Statistics

General Stats
  • This quiz has been taken 104 times
  • The average score is 4 of 8
Answer Stats
Clue Answer % Correct
Female agent that goes on to becoming Ms. O Olive
83%
↑'s partner Otto
83%
Head scientist Oscar
81%
Head of the security department Owen
58%
Cute baby Orson
53%
Odd Squad Animal Jackalope
31%
Clumsy, forgetful agent Ohlm
31%
Sector # 13579
17%
No matching quizzes found
Score Distribution
Percent of People with Each Score
Percentile by Number Answered
Your Score History
You have not taken this quiz